| 000 | 00788nam a22002057a 4500 | ||
|---|---|---|---|
| 999 |
_c14003 _d14003 |
||
| 003 | AR-CdUCM | ||
| 008 | 190417b ||||| |||| 00| 0 spa d | ||
| 040 |
_aMUNICIPALIDAD PROVINCIAL DEL CUSCO _cBIBLIOTECA MUNICIPAL DEL CUSCO |
||
| 082 |
_aES / 800 / _bC81 |
||
| 100 |
_aConde Obregon, Ramón _932660 |
||
| 245 | _aEl Cid / | ||
| 260 |
_aBarcelona : _bI.D.A.G. & AFHA, _c1963. |
||
| 300 |
_a130 páginas ; _bIlustraciones, _c21 cm. |
||
| 440 |
_aColección Auriga, serie Oro _930758 |
||
| 505 | _aContenido: La España del Cid -- Las mocedades del Cid -- Rodrigo "el campeador" -- El Cid en el destierro -- El Cid en tierras Valencianas ... | ||
| 650 |
_aPoesías épicas españolas. _932661 |
||
| 650 |
_aLiteratura española _9362 |
||
| 942 |
_2ddc _cLIBROS |
||
| 945 |
_acmm _d2019-04-17 |
||